Sostener la palabra : (Record no. 119)

MARC details
000 -LEADER
campo de control de longitud fija 01214cam a2200289 a 4500
001 - NÚMERO DE CONTROL
campo de control 16190969
003 - IDENTIFICADOR DE NÚMERO DE CONTROL
campo de control MCNVHGJF
005 - FECHA Y HORA DE LA ÚLTIMA TRANSACCIÓN
campo de control 20220326193251.0
008 - DATOS DE LONGITUD FIJA--INFORMACIÓN GENERAL
campo de control de longitud fija 100401s2007 cr 000 0 spa
010 ## - NÚMERO DE CONTROL DE LA BIBLIOTECA DEL CONGRESO
Número de control de LC 2010385289
020 ## - NÚMERO INTERNACIONAL ESTÁNDAR DEL LIBRO
Número Internacional Estándar del Libro 9789968963671
035 ## - NÚMERO DE CONTROL DEL SISTEMA
Número de control de sistema (NcChVT)VT119CR274
040 ## - FUENTE DE CATALOGACIÓN
Centro catalogador/agencia de origen DLC
Centro/agencia transcriptor DLC
050 00 - SIGNATURA TOPOGRÁFICA DE LA BIBLIOTECA DEL CONGRESO
Número de clasificación PQ7486
Número de ítem .S67 2007
082 ## - NÚMERO DE LA CLASIFICACIÓN DECIMAL DEWEY
Número de clasificación 861.08
Número de ítem S716s
245 00 - MENCIÓN DEL TÍTULO
Título Sostener la palabra :
Resto del título antología de poesía costarricense contemporánea /
Mención de responsabilidad, etc. Adriano Corrales Arias, compilador.
250 ## - MENCION DE EDICION
Mención de edición 1a ed.
260 ## - PUBLICACIÓN, DISTRIBUCIÓN, ETC.
Lugar de publicación, distribución, etc. San José :
Nombre del editor, distribuidor, etc. Arboleda Ediciones,
Fecha de publicación, distribución, etc. 2007.
300 ## - DESCRIPCIÓN FÍSICA
Extensión 322 p. ;
Dimensiones 22 cm.
520 ## - RESUMEN, ETC.
Sumario, etc. An anthology of the verse of sixty-seven leading Costa Rican poets active during the past thirty years, including Alfonso Chase, Mía Gallegos, Helio Gallardo, Erick Gil Salas, Ana Istarú, Carlos Cortés, Adriano Corrales, Luis Chacón, and María Montero.
650 #0 - PUNTO DE ACCESO ADICIONAL DE MATERIA--TÉRMINO DE MATERIA
Término de materia o nombre geográfico como elemento de entrada Costa Rican poetry
Subdivisión cronológica 20th century.
9 (RLIN) 597
650 #0 - PUNTO DE ACCESO ADICIONAL DE MATERIA--TÉRMINO DE MATERIA
Término de materia o nombre geográfico como elemento de entrada Costa Rican poetry
Subdivisión cronológica 21st century.
9 (RLIN) 598
690 ## - PUNTO DE ACCESO ADICIONAL DE MATERIA LOCAL--TÉRMINO DE MATERIA (OCLC, RLIN)
Término de materia o nombre geográfico como elemento inicial Poesia
Subdivisión general Literatura
-- poesia moderna
Subdivisión geográfica Costa Rica
700 1# - ENTRADA AGREGADA--NOMBRE PERSONAL
Nombre de persona Corrales Arias, Adriano,
Fechas asociadas al nombre 1958-
9 (RLIN) 595
906 ## - ELEMENTOS DE DATOS F LOCAL, LDF (RLIN)
a 7
b cbc
c origres
d 3
e ncip
f 20
g y-gencatlg
Holdings
Estatus retirado Estado de pérdida Fuente del sistema de clasificación o colocación Estado de daño No para préstamo Biblioteca de origen Biblioteca actual Ubicación en estantería Fecha de adquisición Total de préstamos Signatura topográfica completa Código de barras Visto por última vez Precio de reemplazo Tipo de ítem Koha
    Clasificación Decimal Dewey     Biblioteca LadoV Biblioteca LadoV   12/05/2014   861.08 S716s 000109 12/05/2014 12/05/2014 Material 01